Hall of Fame Extravaganza Quiz Stats

Quiz Updated Sep 14, 2014

Challenge
Share
Tweet
Embed
Score 0/26 Timer 06:00
1 Play Today
% Correct
National Toy Hall of Fame
97.5%
Rock & Roll Hall of Fame
95.5%
World Golf Hall of Fame
91.7%
Television Hall of Fame
90.9%
International Boxing Hall of Fame
88.9%
Robot Hall of Fame
88.4%
International Circus Hall of Fame
87.5%
Naismith Memorial Basketball Hall of Fame
86.7%
Mascot Hall of Fame
84.7%
International Swimming Hall of Fame and Museum
84.7%
International Space Hall of Fame
82.9%
Burlesque Hall of Fame
82.7%
National Inventors Hall of Fame
82.6%
% Correct
National Baseball Hall of Fame and Museum
82.2%
Country Music Hall of Fame
82.2%
International Gymnastics Hall of Fame
81.8%
International Tennis Hall of Fame
80.5%
American National Aviation Hall of Fame
79.9%
World Figure Skating Hall of Fame
79%
NASCAR Hall of Fame
78.8%
Science Fiction Hall of Fame
77.7%
Hockey Hall of Fame
77.6%
College Football Hall of Fame
76.7%
English Football Hall of Fame
64.9%
International Rugby Hall of Fame
63.8%
Professional Wrestling Hall of Fame and Museum
61.3%

You're not logged in!

Compare scores with friends on all Sporcle quizzes.
Sign Up with Email
OR
Log In

You Might Also Like...

Show Comments

Extras

Top Quizzes Today


Score Distribution

Your Account Isn't Verified!

In order to create a playlist on Sporcle, you need to verify the email address you used during registration. Go to your Sporcle Settings to finish the process.